|
|
|
|
| LEADER |
01205nam a2200277 a 4500 |
| 001 |
000669751 |
| 003 |
CZ BrMZK |
| 005 |
20081118111510.0 |
| 008 |
030513s1973 xr f cze d |
| 015 |
|
|
|a cnb000456912
|
| 035 |
|
|
|a (OCoLC)42091794
|
| 040 |
|
|
|a BOA001
|b cze
|c BOA001
|
| 100 |
1 |
|
|a Berka, Ivan,
|d 1918-1989
|7 jk01011836
|4 aut
|
| 245 |
1 |
0 |
|a Vyšetřovací metody v laboratořích hygieny práce.
|n Díl 2,
|p Prašnost. Hluk a vibrace. Osvětlení /
|c Ivan Berka
|
| 246 |
3 |
0 |
|a Prašnost. Hluk a vibrace. Osvětlení
|
| 250 |
|
|
|a 1. vyd.
|
| 260 |
|
|
|a Brno :
|b Ústav pro další vzdělávání středních zdravotnických pracovníků,
|c 1973
|
| 300 |
|
|
|a 184 s.
|
| 490 |
1 |
|
|a Učební texty /Ústav pro další vzdělávání středních zdravotnických pracovníků
|
| 500 |
|
|
|a Rozmnoženo
|
| 504 |
|
|
|a Bibliografie na konci kapitol
|
| 830 |
|
0 |
|a Učební texty (Ústav pro další vzdělávání středních zdravotnických pracovníků)
|
| 910 |
|
|
|a BOA001
|b PK-N-0015.695,2
|
| 964 |
|
|
|a Práce - hygiena - vyšetřování zdravotní - učebnice - školy zdravotnické
|
| 990 |
|
|
|a BK
|
| 996 |
7 |
|
|b 3119649052
|c PK-N-0015.695,2
|l MZK
|r Sklad / do 1 hodiny
|n 6
|w 000669751
|u 000010
|a 1
|e BOA001
|j MZK50
|s A
|